| 000 | 00753nam a2200253 u 4500 | ||
|---|---|---|---|
| 005 | 20220603063744.0 | ||
| 008 | 160608s2010 r 000 0 eng d | ||
| 020 | _a9786074002928 (Oceano México) | ||
| 020 | _a9788449441547 (Oceano España) | ||
| 035 | _aUPN01000211246 | ||
| 049 | _aI | ||
| 050 | 4 |
_aPZ10.3 _bR6.4 |
|
| 100 | 1 |
_aRoss, Tony _932982 |
|
| 245 | 1 | 0 |
_aJuan y el lobo / _cTony Ross. |
| 260 |
_aMéxico : _bOcéano : _c2010. |
||
| 300 |
_a[24] p. : _bprincipalmente il. col. |
||
| 440 | 0 | _aTravesía | |
| 534 |
_pTítulo original: _tThe boy who cried wolf |
||
| 650 | 4 |
_aLOBOS - _vLITERATURA INFANTIL _921757 |
|
| 650 | 4 |
_aCuentos infantiles _96744 |
|
| 650 | 4 |
_aVERDAD Y MENTIRA _915546 |
|
| 905 | _aInfantil | ||
| 999 |
_c183347 _d183347 |
||